<?xml version="1.0" encoding="UTF-8"?>
<marc:record xmlns:marc="http://www.loc.gov/MARC21/slim">
   <marc:leader>00000nam a2200000 a 4500</marc:leader>
   <marc:datafield ind1="1" ind2=" " tag="100">
      <marc:subfield code="a">Kubsova, Jarka</marc:subfield>
      <marc:subfield code="4">aut</marc:subfield>
      <marc:subfield code="e">Verfasser/-in</marc:subfield>
   </marc:datafield>
   <marc:datafield ind1="0" ind2="0" tag="245">
      <marc:subfield code="a">Bergland</marc:subfield>
   </marc:datafield>
   <marc:datafield ind1="0" ind2="0" tag="245">
      <marc:subfield code="b">Roman</marc:subfield>
   </marc:datafield>
   <marc:datafield ind1=" " ind2="1" tag="264">
      <marc:subfield code="a">München</marc:subfield>
      <marc:subfield code="b">Goldmann</marc:subfield>
      <marc:subfield code="c">2021</marc:subfield>
   </marc:datafield>
   <marc:datafield ind1=" " ind2=" " tag="250">
      <marc:subfield code="a">Originalausgabe</marc:subfield>
   </marc:datafield>
   <marc:datafield ind1="1" ind2=" " tag="520">
      <marc:subfield code="a">Angaben aus der Verlagsmeldung&lt;br/&gt;&lt;br/&gt;Bergland / von Jarka Kubsova&lt;br/&gt;&lt;br/&gt;Rosa ist eine, wie man sie im Tiefenthal noch nicht gekannt hat. Als in den vierziger Jahren die Söhne Südtirols vom Krieg verschluckt werden, bleibt die jüngste Breitenberger-Tochter mit dem Vater auf dem Berghof zurück. Auf dessen Tod folgen harte Jahre, in denen Rosa völlig auf sich allein gestellt dem abgelegenen Land im Kampf mit der Natur ein Leben abtrotzt. Zwei Generationen später sind Rosas Enkel Hannes und seine Frau Franziska auf Feriengäste angewiesen, um das jahrhundertealte Erbe des Hofes zu erhalten. Doch das Leben hier oben ist kein Postkartenidyll. Und mit den neuen Problemen taucht eine alte Frage wieder auf: gehen oder bleiben?</marc:subfield>
   </marc:datafield>
   <marc:datafield ind1=" " ind2=" " tag="020">
      <marc:subfield code="a">9783442316182</marc:subfield>
      <marc:subfield code="9">9783442316182</marc:subfield>
   </marc:datafield>
   <marc:datafield ind1=" " ind2=" " tag="041">
      <marc:subfield code="a">ger</marc:subfield>
   </marc:datafield>
   <marc:datafield ind1="1" ind2=" " tag="521">
      <marc:subfield code="a">0</marc:subfield>
   </marc:datafield>
   <marc:datafield ind1=" " ind2=" " tag="300">
      <marc:subfield code="a">288 Seiten</marc:subfield>
   </marc:datafield>
</marc:record>
